| 000 | 00907nam a2200313Ia 4500 | ||
|---|---|---|---|
| 008 | 171025s9999 xx 000 0 und d | ||
| 020 | _a22438092 | ||
| 050 | _a808 | ||
| 050 | _bB798 1993 | ||
| 100 | _aBradbury, Ray | ||
| 245 | _aWrite idea! / | ||
| 245 | _cby Ray Bradbury, Elaine Mei Aoki, James Flood and James V. Hoffman. | ||
| 260 | _aUSA : | ||
| 260 | _bMcMillan, | ||
| 260 | _c1993 | ||
| 300 | _axxii, 420 pages : | ||
| 300 | _bcolored illustrations ; | ||
| 300 | _c28cm. | ||
| 500 | _aIncludes glossary, bibliographic reference and index. | ||
| 650 | _aEnglish language -- | ||
| 650 | _aLanguage arts (Elementary). | ||
| 650 | _aReading (Elementary) -- | ||
| 650 | _xGrammar -- Study and teaching (Elementary). | ||
| 650 | _xLanguage experience approach. | ||
| 700 | _aAoki, Elaine Mei. | ||
| 700 | _aFlood, James. | ||
| 700 | _aHoffman, James V. | ||
| 700 | _aTitle. | ||
| 999 |
_c344728 _d344728 |
||